[Event "Galatasaray Blitz Chess Tournament"]
[Site "Istanbul"]
[Date "2019.03.24"]
[Round "13.1"]
[White "Dastan, Muhammed Batuhan"]
[Black "Gokerkan, Cem Kaan"]
[Result "1/2-1/2"]
[WhiteElo "2561"]
[BlackElo "2419"]
[Annotator "TA"]
[PlyCount "265"]
[EventDate "2019.03.24"]
[EventType "swiss"]
[EventCountry "TUR"]
[SourceTitle "playchess.com"]
[Source "ChessBase"]
[SourceQuality "1"]

{[%evp 16,265,22,19,36,26,50,14,30,3,39,16,15,22,12,12,11,-15,-16,-18,16,29,95,87,86,23,25,18,28,7,115,114,135,123,128,135,649,652,1077,1077,1077,1077,1817,1156,1082,172,150,123,211,22,22,22,21,15,36,29,39,35,34,0,0,0,17,0,6,0,0,0,0,-8,-8,-8,-8,-13,-13,-13,-8,-8,-8,-8,-8,-8,-8,-8,-8,-8,-8,-8,-8,-8,-8,-8,0,-8,0,-8,-8,-8,-8,-25,0,-8,-8,-8,0,-25,-8,-25,-8,-8,-8,-8,-8,-10,0,0,0,-10,-11,-15,0,0,0,0,24,0,0,0,0,-29991,-29992,-29992,-29993,-29993,-64,-64,-28,-61,-61,-61,0,-36,0,-61,-58,-58,-58,-55,-55,-61,-61,-61,0,-36,0,-61,-61,-64,-64,-64,-64,-64,0,-64,-64,-64,-64,-64,-64,-64,-64,-64,-64,-64,-64,-64,-56,-56,-56,-56,-46,-46,-38,-39,-8,-64,-64,-64,-64,-64,-64,-64,-64,-64,-64,-64,-64,-64,-64,-64,-64,-64,-8,-8,0,0,0,0,0,0,0,0,0,0,0,0,0,0,0,0,0,0,0,0,0,0,0,0,0,0,0,0,0,0,0,0,0,0,0,0,0,0,0,0,0,0,0,0,0,0,0,0]} 1. d4 Nf6 2. Nf3 g6 3. Bg5 Bg7 4. Nbd2 O-O 5. c3 d6 6. e4 Nbd7 7. Bd3 h6 8. Bh4 e5 9. O-O Re8 {B07: Pirc Defence: Miscellaneous Systems} (9... Qe8 10. Re1 Nh5 11. Nc4 Bf6 12. Ne3 Bxh4 13. Nxh4 Nf4 14. Bf1 Nf6 15. Qc2 Qe7 16. Nf3 Ng4 17. Nxg4 Bxg4 18. Nd2 Rae8 {0-1 (28) So,W (2815)-Giri,A (2785) chess.com INT 2017}) 10. Re1 c6 11. Bf1 Qc7 12. a4 b6 $146 ({Predecessor:} 12... Nh5 13. a5 Ndf6 14. Qc2 Bg4 15. dxe5 dxe5 16. h3 Be6 17. Bc4 Nd7 18. Red1 Bf6 19. Bxf6 Nhxf6 {1-0 (37) Kacheishvili,G (2583)-Wang,P (2466) Dallas 2009}) 13. dxe5 Nxe5 14. Nd4 a6 15. f4 Ned7 $1 16. Qc2 Bb7 17. Rad1 c5 18. N4f3 d5 (18... Bc6 $11 {keeps the balance.}) 19. e5 $36 {[%mdl 2048] Keeping Black busy.} Ne4 20. Nxe4 (20. Bd3 $16) 20... dxe4 $11 21. Nd2 g5 $1 {[%cal Rg5h4]} 22. fxg5 hxg5 (22... Bxe5 $11 {remains equal.} 23. h3 Bh2+ 24. Kh1 hxg5 25. Nxe4 gxh4 26. Rxd7 Bxe4 27. Rxc7 Bxc2 28. Rxe8+ Rxe8 29. Kxh2 Bxa4) 23. Bxg5 Bxe5 24. Nxe4 Bxh2+ 25. Kh1 Bxe4 $4 {[%mdl 8192]} (25... Kg7 $16) 26. Rxe4 $18 Nf8 27. Bc4 Rxe4 28. Qxe4 Rb8 29. Bf6 {White threatens Qg4+ and mate.} Qf4 {[#]} 30. Qxf4 $2 (30. Bxf7+ $1 {[%mdl 512]} Kxf7 31. Qe7+ Kg6 32. Qg7+ Kf5 {[#]} 33. g4+ $1 {[%mdl 512]} Ke4 34. Qe7+ Kf3 35. Rf1+ {[%mdl 64] Skewer} Kxg4 36. Qg7+ Kf5 37. Qg5+ {[%mdl 64] Pin} Ke6 38. Rxf4 Bxf4 39. Qg4+ Kxf6 40. Qxf4+ {[%mdl 64] Double Attack} Ke6 41. Qxb8) 30... Bxf4 31. g3 Bh6 (31... Nh7 $16 {was called for.}) 32. Kg2 $2 (32. Bxa6 $18 Bg7 33. Be7) 32... b5 $11 33. axb5 axb5 34. Bd5 Bg7 35. Rf1 Ne6 36. Bxg7 Kxg7 $14 {[%mdl 4096] Endgame KRB-KRN} 37. Re1 Kf6 38. Rf1+ Ke7 39. Kf3 b4 40. cxb4 Rxb4 41. Rf2 Nd4+ 42. Kg2 f5 43. Kh3 Kd6 44. Bf7 Ke5 45. Kg2 Rb7 46. Bc4 Rb8 47. Rd2 Rb4 48. Bf7 Kf6 49. Bd5 Rb8 50. Rf2 Ke5 51. Bc4 Rb7 52. Bd3 Rb3 53. Bc4 Re3 54. Rd2 Ke4 55. Ba6 Rb3 56. Bc4 Rb4 (56... Ke3 {feels hotter.} 57. Bxb3 Kxd2 58. Bd5 Kc2 59. Kh3 Kxb2 60. g4 fxg4+ 61. Kxg4 Kc3) 57. Bf7 Ke5 58. Rf2 Rb6 59. Bc4 Rg6 60. Kh2 Rg7 61. Rf1 Ke4 62. Re1+ Kf3 63. Rf1+ Ke3 {next ...Rb7 is good for Black.} 64. Re1+ Kf2 {[%cal Rg7h7]} 65. Rf1+ Ke3 {With the idea ...Rb7.} 66. Re1+ Kd2 67. Re8 Kc2 68. Rc8 Kxb2 69. Rxc5 Kc3 70. Bd5+ Kd2 71. Rc4 Ke3 72. Rc3+ $2 {[%mdl 8192]} (72. Bh1 $11) 72... Kf2 {[%cal Rg7h7]} 73. g4 fxg4 74. Be4 g3+ $2 (74... Rg5 {mates} 75. Rh3 gxh3 76. Bb7 Nf3+ 77. Bxf3 Kxf3 78. Kh1 Kg3 79. Kg1 Rf5 80. Kh1 Rf1#) 75. Kh3 $15 Rg8 76. Ra3 Rh8+ 77. Kg4 Rg8+ 78. Kh3 $1 Rh8+ 79. Kg4 Ne2 80. Rf3+ Ke1 81. Re3 Rg8+ 82. Kh3 Kd2 83. Rd3+ Ke1 {( -> ...Nf4+)} 84. Re3 Kd2 85. Rd3+ Kc1 $1 86. Rd7 Nf4+ 87. Kh4 Kb2 88. Rc7 Kb3 (88... g2 $15 89. Bxg2 Nxg2+ 90. Kh5 Kb3) 89. Rf7 (89. Bh7 $11 Ng2+ 90. Kh3 Nf4+ 91. Kh4 Ng2+ 92. Kh3 Nf4+ 93. Kh4) 89... g2 90. Bxg2 Nxg2+ {KRN-KR} 91. Kh5 Kc4 92. Rd7 Kc5 93. Rd2 Nf4+ 94. Kh4 Nd5 95. Kh3 Kd6 96. Kh2 Ke5 97. Rg2 Rh8+ 98. Kg3 Ke4 99. Re2+ Ne3 100. Ra2 (100. Kf2 $1 $11) 100... Rg8+ 101. Kh4 Nf5+ 102. Kh3 $1 Kf3 {[%cal Rg8h8]} 103. Ra3+ Ne3 {[%cal Rg8h8]} 104. Kh4 Rg1 (104... Rg4+ {seems wilder.} 105. Kh5 Rg7 106. Ra2 Ke4 107. Ra5 Rg2) 105. Kh5 Kf4 106. Ra4+ Ke5 107. Ra5+ Nd5 108. Kh4 Rd1 (108... Rg7 $15 109. Kh5 Rg1) 109. Kg3 $11 {The position is equal.} Rd3+ 110. Kf2 Ke6 111. Ke2 Rh3 112. Kf2 Nb4 113. Kg2 Rc3 114. Rb5 Nc6 (114... Na2 {looks sharper.} 115. Kf2 Rc2+ 116. Kf3 Kf6 117. Rb8 Rc3+) 115. Kf2 Ne5 {...Kf5 is the strong threat.} 116. Ra5 Kf5 117. Ra4 $1 Nc4 118. Ra8 Kf4 119. Rf8+ Ke4 120. Re8+ Ne5 {Threatens to win with ...Rb3.} 121. Ke1 Rc2 122. Kd1 Rh2 123. Kc1 Kd4 {And now ...Nf3 would win.} 124. Rd8+ Kc3 125. Rc8+ Kd3 {Strongly threatening ...Rh1+.} 126. Rd8+ Kc3 127. Rc8+ Nc4 {[%cal Rh2h1]} 128. Kd1 Ra2 {White must now prevent ...Kd3.} 129. Ke1 Kd3 {aiming for ...Re2+.} 130. Rd8+ Ke4 131. Re8+ Kf3 {[%cal Ra2a1]} 132. Rf8+ Ke4 {Hoping for ...Ne5.} 133. Re8+ {Accuracy: White = 57%, Black = 44%.} 1/2-1/2

[Event "Galatasaray Blitz Chess Tournament"]
[Site "Istanbul"]
[Date "2019.03.24"]
[Round "13.2"]
[White "Ozer, Omer Faruk"]
[Black "Aghamaliyev, Cemil"]
[Result "1-0"]
[WhiteElo "2369"]
[BlackElo "2493"]
[Annotator "TA"]
[PlyCount "63"]
[EventDate "2019.03.24"]
[EventType "swiss"]
[EventCountry "TUR"]
[SourceTitle "playchess.com"]
[Source "ChessBase"]
[SourceQuality "1"]

{[%evp 12,63,14,14,40,45,48,45,53,46,57,67,59,44,47,52,52,41,77,72,87,47,47,53,67,63,63,49,42,38,64,40,55,-19,4,0,0,0,0,0,25,25,31,28,28,0,23,35,54,33,37,25,34,0]} 1. d4 Nf6 2. Nf3 g6 3. Bg5 Bg7 4. Nbd2 O-O 5. e4 d5 6. exd5 Nxd5 7. c3 Nd7 {A48: 1 d4 Nf6 2 Nf3 g6: Torre, London and Colle Systems} 8. Bc4 N7b6 9. Bb3 a5 10. a4 Bf5 $146 ({Predecessor:} 10... h6 11. Bh4 f5 12. O-O g5 13. Bxg5 hxg5 14. Nxg5 Rf6 15. Qh5 {0-1 (60) Sambuev,B (2528)-Howell,D (2650) Tromsoe 2014}) 11. O-O h6 12. Bh4 Nf4 13. Bg3 Nh5 14. Be5 Nf6 15. Re1 g5 16. Nc4 Nxc4 17. Bxc4 c6 18. Qb3 Qd7 19. Bxf6 exf6 20. Nd2 Rfe8 21. Nf1 Bg6 22. d5 (22. Rxe8+ $14 Rxe8 23. Qb6) 22... f5 23. dxc6 bxc6 24. Rad1 Qc7 25. Qc2 Kh7 26. Bd3 f4 27. Bxg6+ fxg6 28. Nd2 Qf7 29. Ne4 Qf5 30. f3 g4 $1 31. Kh1 Re5 32. Rf1 {[%mdl 32768] Accuracy: White = 56%, Black = 43%. . Loss on time!?} 1-0

[Event "Galatasaray Blitz Chess Tournament"]
[Site "Istanbul"]
[Date "2019.03.24"]
[Round "13.3"]
[White "Arat, Ufuk Sezen"]
[Black "Ozturk, Kubra"]
[Result "1-0"]
[WhiteElo "2368"]
[BlackElo "2344"]
[Annotator "TA"]
[PlyCount "48"]
[EventDate "2019.03.24"]
[EventType "swiss"]
[EventCountry "TUR"]
[SourceTitle "playchess.com"]
[Source "ChessBase"]
[SourceQuality "1"]

{[%evp 10,48,18,20,33,33,17,12,31,40,35,29,64,66,74,49,58,45,41,43,55,47,65,0,2,-4,-3,0,7,0,0,0,15,0,56,-25,-22,-24,-23,-79,-60]} 1. d4 Nf6 2. c4 e6 3. g3 d5 4. Nf3 dxc4 5. Bg2 Bb4+ 6. Bd2 Bd6 {E04: Open Catalan: 5 Nf3} (6... a5 7. Qc2 Bxd2+ 8. Qxd2 c6 9. Ne5 b5 10. a4 Ra6 11. Nc3 Bd7 12. Nxd7 Qxd7 13. axb5 cxb5 14. Qg5 O-O 15. Qxb5 Qxd4 {½-½ (27) Postny,E (2615)-Anand,V (2773) St Petersburg 2018}) 7. O-O O-O 8. Bg5 h6 {The position is equal.} 9. Bxf6 Qxf6 10. Nbd2 c5 $146 ({Predecessor:} 10... Nc6 11. Nxc4 e5 12. d5 Ne7 13. Rc1 Rd8 14. Nfd2 {1-0 (32) Santos Latasa,J (2567)-Grib,R (2415) Minsk 2017}) 11. Nxc4 Be7 12. dxc5 Bxc5 13. Nfe5 Rd8 14. Qc2 Nd7 15. Nd3 Bf8 16. Na5 ({White should try} 16. a3 $14) 16... Ne5 $11 17. Rfd1 (17. Bxb7 Bxb7 18. Nxb7 {[#]} Rxd3 $1 $19 {[%mdl 512]}) 17... Nxd3 18. Rxd3 Rxd3 19. exd3 Qe5 20. Qc3 Qb5 {[#] Strongly threatening ...Bb4.} 21. a3 Bd7 (21... Rb8 $11) 22. b4 ({Reject} 22. Nxb7 Rc8 $15) (22. Bxb7 $14 Rd8 23. Be4) 22... Rc8 23. Qd4 b6 24. Nc4 (24. a4 $11 {keeps the balance.} e5 25. axb5 exd4 26. Nc6 {[%mdl 64] Double Attack}) 24... Bc6 {[%mdl 32768] Accuracy: White = 42%, Black = 68%. . Loss on time!?} 1-0

[Event "Galatasaray Blitz Chess Tournament"]
[Site "Istanbul"]
[Date "2019.03.24"]
[Round "13.4"]
[White "Yilmazyerli, Mert"]
[Black "Gulbas, Cemil"]
[Result "1/2-1/2"]
[WhiteElo "2425"]
[BlackElo "2404"]
[Annotator "TA"]
[PlyCount "130"]
[EventDate "2019.03.24"]
[EventType "swiss"]
[EventCountry "TUR"]
[SourceTitle "playchess.com"]
[Source "ChessBase"]
[SourceQuality "1"]

{[%evp 25,130,38,37,-3,-5,-9,-9,-14,31,43,54,66,63,0,23,-25,-25,-32,-33,-25,0,-4,0,-45,-33,-52,-42,-39,-45,-50,-38,-38,-19,-96,-94,-92,95,95,97,-27,0,0,0,-85,-85,-129,-129,-137,0,-1,161,-58,518,513,466,464,676,635,1265,626,931,195,816,684,668,547,546,547,569,350,523,522,492,466,1883,608,824,799,783,781,783,0,0,0,0,0,0,0,0,-49,0,0,0,0,0,0,0,0,0,0,0,0,0,0,0,0,0]} 1. Nf3 d5 2. g3 Nf6 3. Bg2 c6 4. c4 g6 5. Qa4 dxc4 6. Qxc4 Bg7 7. O-O O-O 8. Nc3 Nbd7 9. d4 Nb6 10. Qb3 Bf5 11. Re1 {D78: Fianchetto Grünfeld: 6 0-0 c6} Ne4 12. Bf4 Nxc3 13. bxc3 Be4 {[#] LiveBook: 5 Games} 14. c4 $146 ({Predecessor:} 14. Bf1 Bxf3 15. exf3 Nd5 16. Be5 b5 17. a4 a6 18. c4 bxc4 19. Qxc4 {1-0 (59) Navara,D (2708)-Krasenkow,M (2635) Gorzow Wielkopolski 2014}) 14... Bxf3 15. Bxf3 Qxd4 16. Rac1 Qd7 17. c5 {[%mdl 1024] White has compensation.} Nd5 18. Red1 e5 {[#]} 19. Bd2 ({Better is} 19. Bxe5 $1 $14 {[%mdl 512]} Bxe5 20. e4) 19... Qc7 20. Be1 Nf6 21. Rb1 Rab8 22. Qa4 a6 23. Ba5 Qe7 $36 {[%mdl 2048] Black is pushing.} 24. Qc4 e4 25. Bg2 Rfe8 $1 26. e3 Nd5 27. Rb3 h5 28. Rdb1 h4 29. Be1 (29. Bb6 $11) 29... hxg3 $17 30. hxg3 Red8 $2 (30... Kf8 $17 {stays on course.}) 31. Qxe4 $16 Qxc5 32. Qf3 ({White must play} 32. Rxb7 $16 Rxb7 33. Rxb7) 32... Qe7 (32... b6 {seems wilder.} 33. Rd3 Rd6 34. Qd1 Rbd8 35. Qb3 b5) 33. Qe4 Qc7 34. Qc4 (34. Qc2 $11) 34... b5 $17 35. Qc1 c5 36. Ra3 Rb6 ({Black should try} 36... Rd6 $17 {And now ...b4 would win.} 37. Ba5 Nb6) 37. Ba5 $11 {aiming for Rd3.} b4 $2 (37... c4 $11 {and Black stays safe.}) 38. Rab3 $2 (38. Bxb6 $18 Qxb6 39. Qc4) 38... Rdd6 $2 {[%mdl 8192] [#]} (38... Nc3 $1 $15 {stays ahead.} 39. Bf3 (39. Rxc3 $2 Bxc3 40. a3 Qb8 $19) 39... Nxa2) 39. Bxd5 $1 $18 Rxd5 {[#]} 40. Rxb4 $1 {[%mdl 512]} Qd7 (40... Rd1+ $142 41. Qxd1 cxb4) (40... Rxb4 41. Bxc7) 41. Rxb6 c4 42. Qf1 c3 {Black hopes to continue with ...c2.} 43. Rc1 $2 (43. Rb8+ Kh7 44. Rd8) 43... Qa4 $2 (43... Rxa5 44. Qc4 (44. Rxa6 Rh5 $16) 44... Qd2) 44. Rb8+ Kh7 45. Bxc3 Bxc3 46. Rb3 ({Less strong is} 46. Rxc3 Rd1 $18) 46... Bg7 47. Rd3 Rb5 (47... Rh5 $142 48. Rd2 Qa5) 48. Rd7 Rf5 49. Rcc7 Qxa2 (49... Qe4 $142 50. Rc4 Qe6) 50. Kg2 (50. g4 $142 Rf3 51. Kg2) 50... Qa4 51. Qh1+ Rh5 52. Qd1 Qe4+ 53. Qf3 $2 (53. f3 $18 Qe6 54. g4) 53... Rh2+ $1 $11 54. Kxh2 Qxf3 55. Rxf7 Qh5+ 56. Kg2 Qd5+ 57. Kh2 Qh5+ 58. Kg1 {The position is equal.} Qd1+ 59. Kg2 $1 Qd5+ 60. Kg1 Qd1+ 61. Kg2 Qd5+ 62. Kg1 Qd1+ 63. Kg2 Qd5+ 64. Kg1 Qd1+ 65. Kg2 Qd5+ {Precision: White = 53%, Black = 35%.} 1/2-1/2

[Event "Galatasaray Blitz Chess Tournament"]
[Site "Istanbul"]
[Date "2019.03.24"]
[Round "13.5"]
[White "Yurtseven, Melih"]
[Black "Tuncer, Tuna"]
[Result "0-1"]
[WhiteElo "2390"]
[BlackElo "2371"]
[Annotator "TA"]
[PlyCount "58"]
[EventDate "2019.03.24"]
[EventType "swiss"]
[EventCountry "TUR"]
[SourceTitle "playchess.com"]
[Source "ChessBase"]
[SourceQuality "1"]

{[%evp 9,58,6,10,-6,17,-20,0,0,0,-10,-18,-18,-12,-9,-9,-11,-16,-16,-10,-17,39,0,99,99,398,26,35,20,32,-419,-427,-412,-356,-366,-371,-391,-378,-390,-362,-373,-365,-490,-366,-564,-477,-510,-439,-448,-435,-805,-550]} 1. Nf3 c5 2. c4 g6 3. g3 Bg7 4. Bg2 Nc6 5. Nc3 e6 6. h4 {A37: Symmetrical English vs ...g6: 4 Bg2 Bg7 5 Nf3} (6. a3 Nge7 7. b4 d6 8. O-O O-O 9. Rb1 b6 10. e3 Bb7 11. d4 cxd4 12. exd4 Nf5 13. Ne2 Rc8 14. Bb2 d5 15. c5 Ba6 16. Re1 bxc5 17. dxc5 d4 18. Qa4 Bxe2 19. Rxe2 {0-1 (41) Maghsoodloo,P (2688)-Mamedov,R (2703) St Petersburg 2018}) 6... h6 7. d4 cxd4 8. Nb5 {The position is equal.} d5 9. Nfxd4 Nxd4 10. Nxd4 dxc4 11. Qa4+ $146 ({Predecessor:} 11. Be3 Ne7 12. Qa4+ Bd7 13. Qxc4 Qa5+ {0-1 (33) Bekker,S (2273)-Beerdsen,T (2445) Wijk aan Zee 2018}) 11... Bd7 12. Qxc4 Rc8 13. Qd3 Qb6 $36 {[%mdl 2048] White is under pressure.} 14. Be3 Qxb2 (14... Qb4+ $11 15. Kf1 Nf6) 15. O-O e5 (15... Rc3 $11 {keeps the balance.} 16. Qd1 Nf6) 16. Nb3 $16 Nf6 $2 {[%mdl 8192]} (16... Qc2 $16 {was called for.}) 17. Bc5 $2 {[#]} (17. Qd6 $18) 17... e4 $1 $11 {[%cal Re4d3][%mdl 512]} 18. Qd6 {[%csl Gc5][%cal Rd6e7]} (18. Bxe4 Nxe4) 18... Bf8 19. Qxf6 $4 {[%mdl 8192]} (19. Bd4 $14 {keeps the upper hand.} Bxd6 20. Bxb2) 19... Qxf6 $19 20. Bd4 Qe7 21. Bxh8 f6 22. Rfd1 Bc6 23. Nd4 Kf7 24. Nxc6 bxc6 25. Rab1 Kg8 {[%mdl 64] [#] Trapped Piece} 26. Rd4 (26. Bxf6 $142 Qxf6 27. Bxe4) 26... Kxh8 {Black is clearly winning.} 27. Rxe4 Qf7 28. Ra4 Bc5 29. Ra6 (29. Rc1 $142 Bb6 30. Rd1) 29... Bb6 {Accuracy: White = 24%, Black = 47%.} 0-1

[Event "Galatasaray Blitz Chess Tournament"]
[Site "Istanbul"]
[Date "2019.03.24"]
[Round "14.1"]
[White "Gokerkan, Cem Kaan"]
[Black "Yurtseven, Melih"]
[Result "1/2-1/2"]
[WhiteElo "2419"]
[BlackElo "2390"]
[Annotator "TA"]
[PlyCount "70"]
[EventDate "2019.03.24"]
[EventType "swiss"]
[EventCountry "TUR"]
[SourceTitle "playchess.com"]
[Source "ChessBase"]
[SourceQuality "1"]

{[%evp 17,70,-7,0,0,0,-5,-4,-8,0,0,0,-12,-6,-32,-22,-16,-23,-31,1,6,50,45,58,23,74,73,87,81,102,88,122,60,55,58,116,87,89,22,110,104,110,8,8,0,0,0,0,0,0,0,0,0,0,0,0]} 1. e4 e6 2. d3 d5 3. Nd2 c5 4. Ngf3 Nc6 5. g3 Nf6 6. Bg2 Be7 7. O-O b6 8. Re1 Bb7 9. exd5 Nxd5 10. Nc4 {C00: French: Unusual White 2nd moves} O-O 11. c3 b5 $146 ({Predecessor:} 11... Qc7 12. a4 a6 13. Bd2 h6 14. Na3 Rfd8 15. Qc2 Rd7 16. Rad1 Rad8 17. Bc1 Bf6 18. h4 Qb8 19. Nc4 Ba8 20. Nh2 {½-½ (43) Sturua,Z (2548)-Akesson,R (2445) Sabadell 2017}) 12. Nce5 Nxe5 13. Nxe5 Qc7 14. Qe2 Nb6 15. Bf4 {Strongly threatening Nxf7!} Bd6 16. c4 Bxg2 17. Kxg2 bxc4 18. dxc4 Qb7+ 19. Kg1 Rad8 20. b3 Bb8 (20... f6 $11 {keeps the balance.}) 21. Rad1 $16 a5 22. Rxd8 Rxd8 {[#]} 23. Rd1 $1 {[%cal Rd1d8]} Rd4 24. Nf3 (24. Rxd4 $16 cxd4 25. Nf3) 24... Rxd1+ $14 25. Qxd1 {[%cal Rd1d8]} Qc8 (25... Qd7 $14 26. Qc1 Bxf4 27. Qxf4 f6) 26. Bxb8 Qxb8 27. Ne5 (27. Ng5 $16 {aiming for Qh5.} Qc7 28. Ne4) 27... f6 (27... Qc7 $11 {remains equal.}) 28. Nc6 $16 Qc7 29. Nxa5 ({Better is} 29. Qd8+ $16 Qxd8 30. Nxd8) 29... Nd7 $11 {The position is equal.} 30. f4 Qxa5 31. Qxd7 {[%cal Rd7e8]} Qe1+ 32. Kg2 {[%cal Rd7e8]} Qe2+ {[%mdl 64] [#] Double Attack} 33. Kh3 {[%cal Rd7e8]} Qh5+ 34. Kg2 Qe2+ {[%mdl 64] Double Attack} 35. Kg1 {[%cal Rd7e8]} Qe1+ {Accuracy: White = 36%, Black = 34%.} 1/2-1/2

[Event "Galatasaray Blitz Chess Tournament"]
[Site "Istanbul"]
[Date "2019.03.24"]
[Round "14.2"]
[White "Tuncer, Tuna"]
[Black "Yilmazyerli, Mert"]
[Result "1/2-1/2"]
[WhiteElo "2371"]
[BlackElo "2425"]
[Annotator "TA"]
[PlyCount "92"]
[EventDate "2019.03.24"]
[EventType "swiss"]
[EventCountry "TUR"]
[SourceTitle "playchess.com"]
[Source "ChessBase"]
[SourceQuality "1"]

{[%evp 9,92,57,115,92,90,22,35,0,15,0,4,0,0,0,0,1,-7,0,0,0,-3,-34,-34,-33,-31,-39,-33,-30,-29,-37,-23,-30,-35,-40,-5,-7,-2,-53,-43,-50,-48,-67,-78,-74,-74,-82,-82,-82,-82,-82,-82,-82,-82,-140,-129,-135,-132,-115,-131,-104,-122,-112,-97,-175,0,0,0,0,0,0,0,-3,0,0,0,-18,0,0,0,0,0,0,0,0,0]} 1. e4 e5 2. Nf3 Qe7 3. Nc3 c6 4. d4 d6 5. Be2 Bg4 (5... Qc7 $14) (5... g6 6. O-O Nd7 7. a4 Bh6 8. dxe5 dxe5 9. Nd2 Ngf6 10. b3 O-O 11. Ba3 Nc5 12. Nc4 b6 13. Qd6 Qxd6 14. Nxd6 {½-½ (26) Del Rio de Angelis,S (2504)-Sulskis,S (2582) Catalan Bay 2004}) 6. Be3 $16 {C41: Philidor Defence} Nf6 7. dxe5 ({White should try} 7. h3 $16 Bxf3 8. Bxf3) 7... dxe5 $11 8. Qd2 {White is slightly better.} Qc7 $146 ({Predecessor:} 8... Nbd7 9. O-O-O Nc5 10. Bxc5 Qxc5 11. Qg5 h6 12. Qe3 Qxe3+ 13. fxe3 {0-1 (26) Azevedo,J (1808)-Lopes,L (1948) Maraba 2016}) 9. O-O Nbd7 10. h3 Bxf3 11. Bxf3 Bc5 12. Rfd1 Bxe3 13. Qxe3 O-O 14. Rd3 Qb6 15. Qxb6 axb6 16. Rad1 Nc5 17. Rd6 b5 18. a3 Rfe8 19. g3 Kf8 20. h4 Ke7 21. R6d2 Ne6 22. Bg2 Red8 23. Kf1 ({White should play} 23. Rxd8 $11 Nxd8 24. Na2) 23... Rxd2 $15 24. Rxd2 Ne8 25. Bh3 Nd6 {And now ...Nc4 would win.} 26. Bxe6 Kxe6 $17 {[%mdl 4096] Endgame KRN-KRN} 27. Re2 Nc4 28. Nd1 g6 29. c3 Rd8 30. Ke1 Rd3 31. Rc2 (31. Ne3 $142) 31... f5 32. exf5+ gxf5 33. Ke2 e4 34. Ne3 Nxe3 35. fxe3 {[#] KR-KR} Kd5 $1 36. Rc1 {[#]} (36. b3 $17) 36... h5 $2 (36... Kc4 $1 $19 {...Kb3 is the strong threat.} 37. Rf1 Rd5) 37. Rf1 $11 {The position is equal.} Ke5 38. Rd1 Rd5 (38... c5 {seems wilder.} 39. Rxd3 exd3+ 40. Kxd3 c4+ 41. Ke2 Ke4) 39. Rxd5+ Kxd5 {KP-KP} 40. b3 Ke5 41. Kd2 Kd5 42. Ke2 Kc5 43. Kd2 Kd5 44. Kc2 Kc5 45. Kd2 Kd5 46. Kc2 Ke5 {Accuracy: White = 60%, Black = 69%.} 1/2-1/2

[Event "Galatasaray Blitz Chess Tournament"]
[Site "Istanbul"]
[Date "2019.03.24"]
[Round "14.3"]
[White "Gulbas, Cemil"]
[Black "Arat, Ufuk Sezen"]
[Result "1-0"]
[WhiteElo "2404"]
[BlackElo "2368"]
[Annotator "TA"]
[PlyCount "51"]
[EventDate "2019.03.24"]
[EventType "swiss"]
[EventCountry "TUR"]
[SourceTitle "playchess.com"]
[Source "ChessBase"]
[SourceQuality "1"]

{[%evp 13,51,11,97,38,58,34,60,-10,2,-17,-9,-15,96,31,116,110,116,116,116,104,98,87,117,106,162,103,97,95,103,103,129,131,171,181,170,172,175,156,170,112]} 1. e4 g6 2. d4 Bg7 3. Nc3 d6 4. Be3 c6 5. Qd2 b5 6. O-O-O Nd7 7. h4 h6 {LiveBook: 3 Games. B06: Modern Defence} (7... Ngf6 $11) (7... Qa5 8. h5 Ngf6 9. h6 Bf8 10. f3 e5 11. d5 cxd5 12. Nxd5 Qxd2+ 13. Rxd2 Nxd5 14. Rxd5 a6 15. Rd2 {½-½ (80) Rombaldoni,A (2494)-Solodovnichenko,Y (2555) Fano 2013}) 8. f3 (8. e5 $16) 8... Nb6 9. Bd3 $146 ({Predecessor:} 9. Qf2 Nf6 10. g4 Bd7 11. g5 hxg5 12. Bxg5 b4 13. Nb1 c5 14. dxc5 Na4 {0-1 (31) Camara,J (1915)-Silveira Filho,N (2209) Natal 2013}) 9... Nf6 {White is slightly better.} 10. g4 (10. h5 $14) 10... h5 $11 11. g5 Nfd7 12. f4 {[%cal Bf3f4,Bf4f5,Bf5g6][%mdl 32]} a5 (12... O-O $11) 13. Nce2 ({White should play} 13. f5 $1 $16) 13... d5 (13... Nc4 $14 14. Bxc4 bxc4) 14. f5 $1 $36 {[%mdl 2048] White is in control.} Nc4 15. Bxc4 $1 bxc4 16. fxg6 $1 fxg6 17. Nf4 Nf8 18. Nge2 $1 dxe4 {[#]} (18... Rb8 $16) 19. Nc3 ({White should try} 19. d5 $1 $18) 19... Bf5 20. Qe2 Ne6 21. Qxc4 Nxf4 22. Bxf4 Qc8 {White is clearly better.} 23. Rhe1 Be6 {[#]} 24. Qc5 $1 O-O 25. Be5 Rf5 26. Nxe4 {Accuracy: White = 45%, Black = 39%.} (26. b3 $18) 1-0

[Event "Galatasaray Blitz Chess Tournament"]
[Site "Istanbul"]
[Date "2019.03.24"]
[Round "14.4"]
[White "Ozturk, Kubra"]
[Black "Ozer, Omer Faruk"]
[Result "0-1"]
[WhiteElo "2344"]
[BlackElo "2369"]
[Annotator "TA"]
[PlyCount "58"]
[EventDate "2019.03.24"]
[EventType "swiss"]
[EventCountry "TUR"]
[SourceTitle "playchess.com"]
[Source "ChessBase"]
[SourceQuality "1"]

{[%evp 9,58,4,11,17,24,21,20,0,21,0,3,-8,16,0,14,-13,8,-6,11,-22,-33,-64,4,-15,-25,-45,0,0,0,-146,-162,-123,-82,-94,-91,-182,-184,-282,-259,-354,-260,-898,-893,-1264,-639,-998,-941,-960,-942,-893,-891]} 1. d4 d6 2. Nf3 Bg4 3. e4 Nd7 4. Be2 Ngf6 (4... c6 5. h3 Bh5 6. c4 Qc7 7. Nc3 Ngf6 8. Be3 e5 9. d5 Be7 10. Nd2 Bg6 11. O-O O-O 12. Rc1 {1-0 (36) Romanov,E (2619)-Pridorozhni,A (2579) St Petersburg 2016}) 5. e5 dxe5 6. dxe5 {A41: 1 d4 d6: Tartakower System and Modern Defence} Bxf3 $1 7. Bxf3 Nxe5 8. Bxb7 $146 {The position is equal.} ({Predecessor:} 8. Qxd8+ Rxd8 9. Bxb7 e6 10. O-O Bc5 11. Bg5 h6 12. Bxf6 gxf6 {1-0 (30) Romero Funieles,R (1747)-Sanchez Coves,J (1596) Barcelona 2016}) 8... Qxd1+ 9. Kxd1 Rb8 10. Ba6 e6 11. Nc3 Bc5 12. f4 Neg4 {[#] White must now prevent ...Nf2+.} 13. Ke2 h5 {[%cal Bh7h5,Bh5h4][%mdl 32]} 14. a3 h4 $36 {[%mdl 2048] Black has the initiative.} 15. h3 Nh6 (15... Nh5 $15) 16. Na4 Bd6 17. Rd1 Nd5 {[%cal Bf6d5,Bd5f4,Bf4g2,Bg2e3][%mdl 32]} 18. Kf3 $1 Nf5 19. c4 (19. b4 $11) 19... Rb3+ $17 20. Kf2 Nxf4 {And now ...Nd3+ would win.} 21. Bb5+ Ke7 {[#] ...Nd3+ is the strong threat.} 22. Nc3 (22. Rxd6 $1 $17 {[%mdl 512] keeps fighting.} Nxh3+ (22... cxd6 23. Bxf4) 23. gxh3 Nxd6 24. Nc3) 22... g5 $19 23. Rb1 (23. Ba4 {was worth a try.} Rbb8 24. Ne4) 23... Rb8 24. Ne2 Bc5+ 25. Ke1 $2 (25. Kf1 Nxe2 26. Kxe2) 25... Nxg2+ {Black is clearly winning.} 26. Kd2 Rf3 27. Kc2 Nfe3+ 28. Bxe3 Nxe3+ 29. Kc1 Nxd1 {Precision: White = 22%, Black = 48%.} 0-1